|
|
|
|
| LEADER |
01306cam a22003851a 4500 |
| 001 |
000034514 |
| 003 |
10713 |
| 005 |
20220805104612.0 |
| 008 |
151027s2011 000 eng |
| 020 |
|
|
|c 166000
|
| 040 |
|
|
|a lnn
|c lnn
|d lnn
|
| 041 |
0 |
|
|a eng
|
| 082 |
1 |
4 |
|a 428.0076
|b LO-L
|
| 100 |
1 |
|
|a Lougheed, Lin,
|c Dr.
|
| 245 |
1 |
0 |
|a Barron's TOEIC® :
|b test of English for international communication /
|c Lin Lougheed.
|
| 246 |
3 |
|
|a Barron's TOEIC test.
|
| 246 |
3 |
4 |
|a Barron's students' #1 choice TOEIC test with audio compact discs.
|
| 250 |
|
|
|a 4th ed.
|
| 260 |
|
|
|a Tp.HCM :
|b Nxb. Trẻ,
|c 2011.
|
| 300 |
|
|
|a ix, 635 p. :
|b ill. ;
|c 26 cm. +
|e 3 CD-ROMs (4 3/4 in.).
|
| 630 |
0 |
4 |
|a English language.
|
| 630 |
0 |
4 |
|a TOEIC.
|
| 650 |
0 |
4 |
|a English language
|x Vocabulary.
|
| 650 |
0 |
4 |
|a TOEIC
|x Test.
|
| 710 |
2 |
|
|a First news.
|
| OWN |
|
|
|a LNN
|
| AVA |
|
|
|a UDN50
|b LNN
|c English
|d 420.028 LO-D
|e available
|t Error 5001 Not defined in file expand_doc_bib_avail.
|f 8
|g 0
|h N
|i 0
|j AN
|
| 999 |
|
|
|a From the UDN01
|
| AVA |
|
|
|a UDN50
|b LNN
|c English
|d 420.028 LO-D
|e available
|t Error 5001 Not defined in file expand_doc_bib_avail.
|f 8
|g 0
|h N
|i 0
|j AN
|
| TYP |
|
|
|a Monograph
|
| TYP |
|
|
|a Printed language
|
| 980 |
|
|
|a Mạng thư viện Đại học Đà Nẵng
|